Cricket

Bibliographic Details
Main Author: Perchard Peter
Format: Book
Published: England : Wayland (Publisher) Ltd , 1998
Series:World of sport
Subjects:

MARC

LEADER 00000cam a2200000 7i4500
001 0000086965
005 20211103.0
008 211103
020 |a 1852101563 
020 |a 9781852101565 
090 0 0 |a 796.358   |b PER 
100 1 |a Perchard Peter 
245 1 0 |a Cricket   |c Peter Perchard 
260 |a England :   |b Wayland (Publisher) Ltd ,   |c 1998 
300 |a 64pg :   |b Col.ill 
490 1 |a World of sport 
650 0 |a Cricket   |x For Children 
999 |a 0000797030   |b Book   |c Adult Collection   |e Cawangan Segamat